Podzemná ríša Belianskych Tatier

Bibliographic Details
Main Author: Pavlarčík, Stanislav, 1949- (Author)
Format: Article
Language:Slovak
Subjects:

MARC

LEADER 00000nab a2200000 ar4500
001 vtls009017740
003 SK-MaSNL
005 20260303065528.0
008 070723|2007 xo er|p|||||||000 b|slo
015 |a SNBRA2007/05 
038 |a PPPK 
040 |a PPPKCL  |b slo  |c PPPKCL  |e AACR2 
041 0 |a slo 
044 |a xo  |c SK 
080 |a 551.442  |x (437.6)  |2 1997 
100 1 |a Pavlarčík, Stanislav,  |d 1949-  |4 aut  |9 224292 
245 1 0 |a Podzemná ríša Belianskych Tatier  |c Stanislav Pavlarčík 
650 0 7 |a jaskyne  |2 pppkcl  |9 20772 
650 0 7 |a kras  |2 pppkcl  |9 24815 
650 0 7 |a speleológia  |2 pppkcl  |9 17878 
650 0 7 |a krása - hnutia ženské - ponímanie  |2 pppkcl  |9 77134 
651 7 |a Belianske Tatry (Slovensko : pohorie)  |2 pppkcl  |9 177592 
773 0 |t Z minulosti Spišskej Belej. Ročenka mesta Spišská Belá. III. ročník  |d Spišská Belá - Levoča : Mestský úrad - Spišský dejepisný spolok, 1997  |g S. 49-52 
852 |a PPPK  |b KIS3GCP 
999 |c 1751577  |d 1753507